8 Steps in an Accounting Cycle Quiz Stats

 Plays Quiz not verified by Sporcle

Score 0/8 Timer 03:00
0 Plays Today
Answer % Correct
Analyze Transactions
86.7%
Journalize Transactions
63.3%
Prepare Worksheet
60%
Post to General Ledger
53.3%
Prepare Post-Closing Trial Balance
36.7%
Prepare Financial Statements
33.3%
Journalize and Post Adjusting Entries
20%
Journalize and Post Closing Entries
16.7%

You're not logged in!

Compare scores with friends on all Sporcle quizzes.
OR
Log In

Show Comments

Extras

Created Mar 7, 2014ReportNominate
Tags:accounting, Business Class

Top Quizzes Today


Score Distribution

Your Account Isn't Verified!

In order to create a playlist on Sporcle, you need to verify the email address you used during registration. Go to your Sporcle Settings to finish the process.

Report this User

Report this user for behavior that violates our Community Guidelines.

Details: